Vybrané kapitoly z teórie náhodného výberu

Bibliographic Details
Main Author: Kalas, Jozef, 1949-2000 (Author)
Format: Book
Language:Slovak
PhysicalDescription:82 s. Tab. 29 cm
Published: Bratislava Univerzita Komenského 1996
ISBN:8022310107
Subjects:

MARC

LEADER 00000nam a2200000 a 4500
001 vtls001223391
003 SK-MaSNL
005 20260301194932.0
008 240313s1996 xo ap r yy slo
015 |a SNBA1997/0200351 
020 |a 8022310107  |c 42,00 Sk (100 výt.) 
035 |a SNK000169452 
035 |a urn:nbn:sk:snk-amltby 
035 |a urn:nbn:sk:snk-am00cdjg 
035 |a DDCF1EE8-10ED-4D66-A64F-1844866E83D6 
040 |a SNK  |b slo  |c SNK  |e AACR2 
041 0 |a slo 
044 |a xo  |c SK 
080 |a 519.2(075.8)  |2 1981 
100 1 |a Kalas, Jozef,  |d 1949-2000  |4 aut  |9 122886 
245 1 |a Vybrané kapitoly z teórie náhodného výberu  |c Jozef Kalas 
260 |a Bratislava  |b Univerzita Komenského  |c 1996 
300 |a 82 s.  |b Tab.  |c 29 cm 
504 |a Bibliogr. s. 80 
650 0 7 |a pravdepodobnosť (matematika)  |2 SNKPH  |9 17964 
650 0 7 |a matematická štatistika  |2 SNKPH  |9 777 
655 7 |a učebnice vysokých škôl  |2 SNKPH  |9 70191 
919 |a 80-223-1010-7 
958 0 7 |a RM 
958 0 7 |a UV 
958 0 7 |a NB 
999 |c 883619  |d 885549 
952 |t P60, <09>, [BOOK], {629}  |a SNK  |b SNK  |y NEVYP  |7 0  |o snkB 1230  |i snk4254/961202  |0 0  |1 0  |4 0  |d 1996-11-27  |l 0  |r 2005-01-01 00:00:00  |w 2026-02-24 
952 |t P60, <03>, [BOOK], {603}  |a SNK  |b SNK  |y PREZ  |7 0  |p 17A0021822  |o snkSB 56193  |i snkKSP 10331/96  |0 0  |1 0  |4 0  |d 1996-11-27  |f 1  |l 0  |r 2025-04-02 00:00:00  |w 2026-02-24 
952 |t P60, <04>, [BOOK], {604}  |a SNK  |b SNK  |y VYP  |7 0  |p 17A0021821  |o snkSB 56193 D1  |i snkKSP 10332/96  |0 0  |1 0  |4 0  |d 1996-11-27  |l 0  |r 2005-01-01 00:00:00  |w 2026-02-24